| 000 | 00645nam a2200205 4500 | ||
|---|---|---|---|
| 003 | LK-CoMWRAF | ||
| 005 | 20230921144007.0 | ||
| 008 | 230921b2004 |||||||| |||| 00| 0 eng d | ||
| 020 | _a955911020 | ||
| 040 |
_aLK-CoMWRAF _dLK-CoMWRAF _eLK-CoMWRAF |
||
| 041 | _aeng | ||
| 082 |
_a346.015 _bJAL |
||
| 100 | _aJaldeen, M.S | ||
| 245 | _aThe Muslim Law of Marriage Divorce and Maintenance in Sri Lanka | ||
| 250 | _a2nd revised ed. | ||
| 260 |
_aColombo: _bHaji Omar foundation for peace, education and research _c2004 |
||
| 300 |
_axxi, 274 p. ; 22 cm. _bIndex included |
||
| 650 | _a DOMESTIC RELATIONS (ISLAMIC LAW)-Sri Lanka | ||
| 942 | _cBK | ||
| 999 |
_c3593 _d3593 |
||